History Quiz

Random History or Famous Quiz

Père Lachaise Cemetery Quiz Stats

 Plays Quiz Updated Jan 17, 2012

Score 0/23 Timer 08:00
0 Plays Today
Claim to Fame Person % Correct
Lead singer of 'The Doors'Jim Morrison
85.7%
Irish playwright of 'The Importance of Being Earnest'Oscar Wilde
69.9%
Singer of 'La vie en rose'Édith Piaf
50.6%
Proposed the use of a mechanical device to carry out death penalties via beheadingJoseph-Ignace Guillotin
44.3%
Polish composer and pianist known for the 'Minute Waltz'Frédéric Chopin
40.7%
Playwright of 'Tartuffe'Molière
32%
French mime artist, known for the character 'Bip'Marcel Marceau
31.3%
Author of 'À la recherche du temps perdu' ('In Search of Lost Time')Marcel Proust
25.8%
Painter of the pointillist 'Sunday Afternoon on the Island of La Grande Jatte'Georges-Pierre Seurat
24.4%
Greek-American opera diva (original burial site)Maria Callas
22.9%
Italian composer of 'The Barber of Seville' (original burial site)Gioachino Rossini
21.7%
African-American author of 'Native Son'Richard Wright
20.3%
Claim to Fame Person % Correct
Author of 'The Autobiography of Alice B. Toklas'Gertrude Stein
19%
French writer of the collected works 'La Comédie humaine'Honoré de Balzac
18%
French Romantic painter of 'Liberty Leading the People'Eugène Delacroix
15.5%
Famous 'divine' French stage and silent movie actressSarah Bernhardt
14.2%
American 'Mother of Modern Dance'Isadora Duncan
14%
French novelist who wrote 'Gigi'Colette
10.3%
French fable writerJean de La Fontaine
9.9%
German artist at the forefront of the Dada and Surrealist movementsMax Ernst
6.3%
Filmmaker of 'A Trip to the Moon'Georges Méliès
6%
French astronomer known for his catalog of astronomical objectsCharles Messier
4.4%
French painter known as the 'Father of Impressionism'Camille Pissarro
4%

You're not logged in!

Compare scores with friends on all Sporcle quizzes.
OR
Log In

Sporcle TV

Today on Sporcle TV


Watch our educational content, quiz creation guides, and fun videos on Sporcle TV.

Show Comments

Extras

Top Quizzes Today


Score Distribution

Your Account Isn't Verified!

In order to create a playlist on Sporcle, you need to verify the email address you used during registration. Go to your Sporcle Settings to finish the process.

Report this User

Report this user for behavior that violates our Community Guidelines.

Details: